200 Most Common German Verbs - Statistics

General Stats
  • This quiz has been taken 49 times
  • The average score is 106 of 200
Answer Stats
Hint Answer % Correct
17 to find finden
100%
2 to have haben
100%
9 to come kommen
100%
6 to say sagen
100%
14 to see sehen
100%
1 to be sein
100%
21 to think denken
97%
12 to go gehen
97%
44 to learn lernen
97%
7 to do, make machen
97%
5 to have to, must müssen
97%
41 to work arbeiten
94%
18 to stay, remain bleiben
94%
8 to give geben
94%
4 to be able to, can können
94%
33 to live (be alive) leben
94%
22 to take nehmen
94%
31 to speak sprechen
94%
95 to study studieren
94%
13 to know wissen
94%
11 to want to wollen
94%
42 to need brauchen
91%
25 to believe glauben
91%
26 to stop, hold halten
91%
71 to read lesen
91%
198 to love lieben
91%
52 to write schreiben
91%
40 to play spielen
91%
145 to drink trinken
91%
32 to bring, take bringen
88%
154 to eat essen
88%
34 to drive, ride, go fahren
88%
43 to follow folgen
88%
36 to ask (inquire) fragen
88%
20 to be called heißen
88%
86 to help helfen
88%
10 should, ought to sollen
88%
16 to stand stehen
88%
46 to understand verstehen
88%
49 to begin beginnen
84%
48 to get, receive bekommen
84%
137 to buy kaufen
84%
19 to lie (down) liegen
84%
28 to like mögen
84%
56 to sit sitzen
84%
23 to do tun
84%
84 to wait warten
84%
59 to fall fallen
81%
89 to feel fühlen
81%
15 to let, allow, have done lassen
81%
124 to open öffnen
81%
69 to carry, wear tragen
81%
3 to become, get werden
81%
172 to visit besuchen
78%
24 to be allowed, may dürfen
78%
37 to know kennen
78%
53 to walk laufen
78%
190 to sleep schlafen
78%
47 to set, place, put; (sich) to sit down setzen
78%
139 to forget vergessen
78%
195 to answer antworten
75%
129 to laugh lachen
75%
35 to think, have an opinion meinen
75%
27 to name, call nennen
75%
58 to shine, seem, appear scheinen
75%
88 to close schließen
75%
64 to search, look for suchen
75%
162 to count zählen
75%
29 to show zeigen
75%
81 to expect erwarten
72%
50 to tell erzählen
72%
30 to lead führen
72%
87 to win, gain gewinnen
72%
165 to hang hängen
72%
63 to meet treffen
72%
54 to explain erklären
69%
166 to hope hoffen
69%
76 to talk reden
69%
72 to lose verlieren
69%
51 to try, attempt versuchen
69%
82 to live (reside) wohnen
69%
164 to build bauen
66%
92 to remind, to remember erinnern
66%
156 to die sterben
66%
66 to introduce, imagine vorstellen
66%
94 to offer anbieten
63%
60 to belong gehören
63%
91 to interest, to be interested interessieren
63%
103 to look schauen
63%
106 to change ändern
59%
186 to fit passen
59%
117 to take place, happen passieren
59%
113 to plan planen
59%
57 to pull, move ziehen
59%
80 to begin anfangen
56%
175 to arrive ankommen
56%
110 to describe beschreiben
56%
173 to request, ask bitten
56%
100 to compare vergleichen
56%
107 to grow wachsen
56%
160 to throw werfen
56%
77 to appear, look aussehen
53%
45 to exist, insist, pass (an exam) bestehen
53%
68 to achieve, reach erreichen
53%
65 to lay, put legen
53%
194 to solve, loosen lösen
53%
118 to call, to shout rufen
53%
125 to hit, beat schlagen
53%
39 to place, set stellen
53%
131 to choose, elect, vote wählen
53%
163 to wish, desire wünschen
53%
169 to pay bezahlen
50%
90 to offer bieten
50%
75 to develop entwickeln
50%
96 to connect, link verbinden
50%
141 to move bewegen
47%
102 to use nutzen
47%
101 to climb, increase steigen
47%
168 to divide, share teilen
47%
111 to accept, to assume annehmen
44%
108 to go out, to assume ausgehen
44%
62 to receive erhalten
44%
74 to recognize, admit erkennen
44%
192 to smile lächeln
44%
191 to support unterstützen
44%
97 to look at, watch ansehen
41%
135 to decide entscheiden
41%
78 to appear erscheinen
41%
99 to mean bedeuten
38%
98 to lack, be missing, be absent fehlen
38%
167 1) to be happy, 2) to look forward to freuen
38%
67 to deal, trade handeln
38%
70 to manage, create schaffen
38%
104 to leave, to depend, rely on verlassen
38%
79 to form, educate bilden
34%
170 to last, take (time) dauern
34%
128 to change verändern
34%
150 to calculate, do arithmetic rechnen
31%
155 to reach, be enough reichen
31%
127 to take over übernehmen
31%
143 to disappear verschwinden
31%
130 to use verwenden
31%
83 to affect, concern betreffen
28%
144 to serve dienen
28%
138 to experience, find out erfahren
28%
178 to raise, increase erhöhen
28%
126 to step treten
28%
181 to own, have besitzen
25%
73 to depict, portray darstellen
25%
152 to experience erleben
25%
38 to be valid gelten
25%
153 to get, fetch holen
25%
174 to worry, take care sorgen
25%
147 to be correct, vote, tune stimmen
25%
151 to observe, watch beobachten
22%
183 to grant, fulfil erfüllen
22%
93 to result in, to yield, surrender ergeben
22%
200 to be sufficient genügen
22%
109 to happen, occur geschehen
22%
133 1) to contain, 2) to abstain enthalten
19%
132 to take place, occur erfolgen
19%
112 to get, receive kriegen
19%
140 to take place, occur stattfinden
19%
196 to separate trennen
19%
159 to request, demand verlangen
19%
114 to have an effect, to work wirken
19%
149 to report berichten
16%
55 to correspond entsprechen
16%
61 to originate, develop entstehen
16%
122 to demand, claim fordern
16%
179 to report, register melden
16%
85 to pass (time) vergehen
16%
119 to record, include aufnehmen
13%
182 to stress (emphasize) betonen
13%
105 to put in, insert einsetzen
13%
157 to distinguish unterscheiden
13%
134 to look at, consider betrachten
9%
197 to adjust, employ, stop einstellen
9%
123 to please gefallen
9%
185 to notice, remember merken
9%
193 to employ, be busy, deal with beschäftigen
6%
121 to decide, determine bestimmen
6%
176 to refer, put, get beziehen
6%
171 to put, be located stecken
6%
180 to happen, occur, seem vorkommen
6%
120 to increase zunehmen
6%
184 to participate beteiligen
3%
115 to call, name bezeichnen
3%
142 to establish, detect feststellen
3%
136 to succeed gelingen
3%
188 to direct, repair, follow richten
3%
177 to sense, notice spüren
3%
189 to include, consist of umfassen
3%
146 to appear, occur auftreten
0%
116 to be befinden (sich)
0%
199 to carry out, hold durchführen
0%
187 to be suitable eignen (sich)
0%
158 to achieve leisten
0%
148 to behave, react verhalten (sich)
0%
161 (of information) to be, exist vorliegen
0%
No matching quizzes found
Score Distribution
Percent of People with Each Score
Percentile by Number Answered
Your Score History
You have not taken this quiz